Chāndogyopaniṣad; (Record no. 80191)

MARC details
000 -LEADER
fixed length control field 00872cam a22002411 4500
001 - CONTROL NUMBER
control field sa 68004541
003 - CONTROL NUMBER IDENTIFIER
control field DLC
005 - DATE AND TIME OF LATEST TRANSACTION
control field 20260227112502.0
008 - FIXED-LENGTH DATA ELEMENTS--GENERAL INFORMATION
fixed length control field 850325s1965 ii b 000 0 sanx
010 ## - LIBRARY OF CONGRESS CONTROL NUMBER
LC control number sa 68004541
025 ## - OVERSEAS ACQUISITION NUMBER
Overseas acquisition number PL480:I-San-639
035 ## - SYSTEM CONTROL NUMBER
System control number (OCoLC)13888874
040 ## - CATALOGING SOURCE
Original cataloging agency DLC
Transcribing agency NN
Modifying agency DLC
042 ## - AUTHENTICATION CODE
Authentication code premarc
050 00 - LIBRARY OF CONGRESS CALL NUMBER
Classification number PK3521
Item number .C5 1965
130 0# - MAIN ENTRY--UNIFORM TITLE
Uniform title Upanishads.
Name of part/section of a work Chāndogyopaniṣad.
245 10 - TITLE STATEMENT
Title Chāndogyopaniṣad;
Remainder of title anvaya, śabdārtha, bhāvārtha aura vistr̥ta vyk̄hyā sahita.
Statement of responsibility, etc. Ṭīkākāra Nārāyaṇa Svāmī.
260 ## - PUBLICATION, DISTRIBUTION, ETC.
Place of publication, distribution, etc. Āgarā,
Name of publisher, distributor, etc. Āryaprakāśa-Pustakālaya;
-- [Prāptisthāna: Prema Pustaka Bhaṇḍāra, Barelī]
Date of publication, distribution, etc. 1965.
300 ## - PHYSICAL DESCRIPTION
Extent 6, 415 p.
Dimensions 19 cm.
500 ## - GENERAL NOTE
General note In Sanskrit; introductory matter and commentary in Hindi.
504 ## - BIBLIOGRAPHY, ETC. NOTE
Bibliography, etc. note Bibliographical footnotes.
700 0# - ADDED ENTRY--PERSONAL NAME
Personal name Nārāyaṇa,
Titles and other words associated with a name Swami,
Dates associated with a name 1866-1948,
Relator term ed.

No items available.

Powered by Koha